[Event "UGA-chT"]
[Site "Kampala"]
[Date "2022.08.28"]
[Round "5"]
[White "Mugwanya, Wilson"]
[Black "Ajak, Mach Duany"]
[Result "0-1"]
[WhiteElo "1784"]
[BlackElo "2029"]
[PlyCount "58"]
[EventDate "2022.07.10"]
[EventType "team-swiss"]
[EventRounds "14"]
[EventCountry "UGA"]
[SourceTitle "EXT 2024"]
[Source "ChessBase"]
[SourceDate "2023.10.10"]
[SourceVersion "1"]
[SourceVersionDate "2023.10.10"]
[SourceQuality "1"]
[WhiteTeam "SOM Katwe"]
[BlackTeam "Bulemeezi Diatoms CC"]
[WhiteTeamCountry "UGA"]
[BlackTeamCountry "UGA"]

1. e4 c6 2. d4 d5 3. exd5 cxd5 4. Bd3 Nf6 5. h3 g6 6. Nf3 Bg7 7. 0-0 0-0 8. Bg5 Ne4 9. Bf4 Nc6 10. c3 f6 11. Re1 e5 12. Be3 Nd6 13. dxe5 fxe5 14. Bc2 Nf5 15. Bc5 Re8 16. Nbd2 b6 17. Ba3 e4 18. Nh2 Qg5 19. Kh1 Ne5 20. Ndf1 Be6 21. b3 Rad8 22. Bc1 Qh4 23. Be3 Ne7 24. Qd2 h6 25. Ng3 g5 26. Kg1 N7g6 27. Bd1 Nf4 28. Bd4 Bxh3 29. gxh3 Qxh3 0-1

[Event "Juba olympiad qual"]
[Site "Juba"]
[Date "2022.05.16"]
[Round "9"]
[White "Wech, Adol Chol"]
[Black "Ajak, Mach Duany"]
[Result "0-1"]
[WhiteElo "1892"]
[BlackElo "1888"]
[PlyCount "88"]
[EventDate "2022.05.10"]
[EventType "tourn"]
[EventRounds "11"]
[EventCountry "SUD"]
[SourceTitle "CBM 208 Extra"]
[Source "ChessBase"]
[SourceDate "2022.07.31"]
[SourceVersion "1"]
[SourceVersionDate "2022.07.31"]
[SourceQuality "1"]

1. e4 c5 2. c4 e6 3. Nc3 Nc6 4. g3 Nf6 5. Bg2 b6 6. e5 Ng8 7. Nge2 Rb8 8. f4 Nh6 9. d3 Nf5 10. 0-0 h5 11. Ne4 Bb7 12. a3 d5 13. cxd5 exd5 14. Ng5 Be7 15. e6 fxe6 16. Nxe6 Qd6 17. Bxd5 Nd8 18. Bxb7 Rxb7 19. Qa4+ Rd7 20. Nxd8 Bxd8 21. Qe4+ Ne7 22. d4 cxd4 23. Bd2 a5 24. f5 0-0 25. Qe6+ Kh8 26. Qxd6 Rxd6 27. Bf4 Rd5 28. Rad1 Nxf5 29. Rd3 Bf6 30. Bc7 Rb5 31. b3 Ne3 32. Rb1 Nd5 33. Bd6 Re8 34. Rb2 Nc3 35. Nf4 Rd8 36. Be7 Bxe7 37. Ng6+ Kh7 38. Nxe7 Rd6 39. b4 a4 40. Rf2 Re5 41. Nf5 Rdd5 42. Nxd4 Ne2+ 43. Kf1 Rxd4 44. Rxd4 Nxd4 0-1